[Event "Aeroflot Open"]
[Site "Moscow RUS"]
[Date "2005.02.18"]
[Round "4"]
[White "Kempinski,R"]
[Black "Roiz,M"]
[Result "1/2-1/2"]
[WhiteElo "2624"]
[BlackElo "2561"]
[EventDate "2005.02.15"]

1. d4 Nf6 2. c4 e6 3. Nf3 d5 4. Nc3 c5 5. cxd5 Nxd5 6. e3 cxd4 7. exd4 Bb4
8. Bd2 Nc6 9. Bd3 Be7 10. O-O O-O 11. Be4 Bf6 12. Qb3 Nce7 13. Rfe1 b6 14.
a4 a5 15. Nb5 Bb7 16. Rac1 Rc8 17. Ne5 Rxc1 18. Rxc1 Ng6 19. Nc4 Bg5 20.
Rd1 Bxd2 21. Rxd2 f5 22. Bf3 Nh4 23. Ne5 Qg5 24. Rc2 Nxf3+ 25. Nxf3 Qe7 26.
h3 Ba8 27. Qa3 Nb4 28. Rc7 Qd8 29. Qe3 Be4 30. Qg5 Qxg5 31. Nxg5 Bd5 32.
Nd6 Nc6 33. Nxe6 Bxe6 34. Rxc6 Rb8 35. Nb5 Bb3 36. Nc3 Kf7 37. Rc7+ Kf8 38.
d5 Rd8 39. Rc6 Bxd5 40. Rxb6 Bc4 41. Rc6 Bd3 42. Rc5 Ra8 43. Rd5 Bc2 44. h4
Ke7 45. Rb5 Ra7 46. Kh2 Kd6 47. Kg3 Kc6 48. Re5 Bd3 49. f3 h6 50. Kf4 Rb7
51. Rxa5 Rxb2 52. g3 Kc7 53. g4 1/2-1/2

[Event "Aeroflot Open"]
[Site "Moscow RUS"]
[Date "2005.02.18"]
[Round "4"]
[White "Tregubov,P"]
[Black "Bocharov,D"]
[Result "1/2-1/2"]
[WhiteElo "2629"]
[BlackElo "2585"]
[EventDate "2005.02.15"]

1. d4 Nf6 2. Nf3 e6 3. c4 Bb4+ 4. Bd2 a5 5. g3 d5 6. Qc2 c5 7. cxd5 cxd4 8.
Nxd4 O-O 9. Bg2 Qb6 10. Bxb4 axb4 11. e3 exd5 12. Nd2 Bd7 13. O-O Rc8 14.
Qd3 Nc6 15. N2f3 Na5 16. Ne5 Be8 17. Qf5 Nc4 18. Ng4 Nxg4 19. Qxg4 Nxb2 20.
Bxd5 Rd8 21. Bg2 g6 22. Qe4 Na4 23. Qxb7 Qxb7 24. Bxb7 Ra7 25. Bf3 Nc3 26.
Rfc1 Nxa2 27. Rc7 1/2-1/2

[Event "Aeroflot Open"]
[Site "Moscow RUS"]
[Date "2005.02.18"]
[Round "4"]
[White "Vasquez,R"]
[Black "Berkes,F"]
[Result "0-1"]
[WhiteElo "2561"]
[BlackElo "2610"]
[EventDate "2005.02.15"]

1. e4 c5 2. Nf3 e6 3. d4 cxd4 4. Nxd4 Nc6 5. Nb5 d6 6. c4 Nf6 7. N1c3 a6 8.
Na3 b6 9. Be2 Bb7 10. O-O Be7 11. Be3 Ne5 12. f3 O-O 13. Qd2 Qc7 14. Rac1
Rac8 15. Rfd1 Qb8 16. Kh1 Ned7 17. Bf1 Ne5 18. Bf4 Kh8 19. Na4 Ba8 20. Qb4
Rc6 21. Bxe5 a5 22. Qb3 dxe5 23. c5 bxc5 24. Qxb8 Rxb8 25. Nc4 Rc7 26. Nxe5
Kg8 27. b3 g5 28. Rc3 g4 29. Rdc1 Rbc8 30. Kg1 gxf3 31. gxf3 Bb7 32. Bb5
Bf8 33. Kf1 h5 34. Nd3 Bc6 35. Bxc6 Rxc6 36. Naxc5 Bh6 37. R1c2 h4 38. Rc4
Rd8 39. Ke2 Rb6 40. e5 Nd5 41. Rxh4 Be3 42. Rc3 0-1

[Event "Aeroflot Open"]
[Site "Moscow RUS"]
[Date "2005.02.18"]
[Round "4"]
[White "Kobalia,M"]
[Black "Azarov,S"]
[Result "1-0"]
[WhiteElo "2634"]
[BlackElo "2565"]
[EventDate "2005.02.15"]

1. e4 e5 2. Nf3 Nc6 3. Bb5 a6 4. Ba4 Nf6 5. O-O Be7 6. Re1 b5 7. Bb3 d6 8.
a4 Bg4 9. c3 O-O 10. h3 Bxf3 11. Qxf3 Na5 12. Bc2 c5 13. axb5 axb5 14. d3
b4 15. Nd2 Nd7 16. Nf1 Bg5 17. Ne3 Nb6 18. Bd2 b3 19. Bd1 c4 20. dxc4 Bxe3
21. Bxe3 Nbxc4 22. Bc1 f5 23. exf5 d5 24. Qg3 Qf6 25. Bg4 Qf7 26. Rd1 Kh8
27. Ra4 Nc6 28. Rxa8 Rxa8 29. Qd3 Ra1 30. Kh2 e4 31. Qg3 Ra2 32. f6 gxf6
33. Bh6 Ra7 34. Be2 N4e5 35. Qe3 Rd7 36. Bb5 Qh5 37. Qf4 Rf7 38. Ra1 Ne7
39. Ra8+ Ng8 40. Be8 Nd3 41. Bxf7 1-0

[Event "Aeroflot Open"]
[Site "Moscow RUS"]
[Date "2005.02.18"]
[Round "4"]
[White "Timofeev,Arty"]
[Black "Sakaev,K"]
[Result "1/2-1/2"]
[WhiteElo "2619"]
[BlackElo "2677"]
[EventDate "2005.02.15"]

1. e4 c5 2. Nf3 d6 3. d4 cxd4 4. Nxd4 Nf6 5. Nc3 a6 6. Be3 Ng4 7. Bc1 Nf6
8. Be2 e5 9. Nb3 Be7 10. O-O Be6 11. f4 Qc7 12. Kh1 Nbd7 13. g4 h6 14. g5
Nh7 15. Bg4 hxg5 16. fxg5 Ndf8 17. Bxe6 Nxe6 18. g6 Nf6 19. Nd5 Qc4 20. Nd2
Qc6 21. gxf7+ Kxf7 22. Nf3 Qc4 23. Nd2 Qc6 24. Nf3 Qc4 25. Nd2 1/2-1/2

[Event "Aeroflot Open"]
[Site "Moscow RUS"]
[Date "2005.02.18"]
[Round "4"]
[White "Smirnov,P"]
[Black "Guseinov,G"]
[Result "1-0"]
[WhiteElo "2645"]
[BlackElo "2574"]
[EventDate "2005.02.15"]

1. d4 Nf6 2. c4 g6 3. Nc3 Bg7 4. e4 d6 5. Be2 O-O 6. Nf3 Bg4 7. Be3 Nfd7 8.
d5 Na6 9. Nd4 Bxe2 10. Qxe2 Nac5 11. b4 e5 12. Nc2 Na6 13. O-O f5 14. f3
Nf6 15. c5 f4 16. Bf2 Nb8 17. a4 Rf7 18. Na3 Bf8 19. Nc4 g5 20. b5 b6 21.
c6 a5 22. bxa6 Nxa6 23. a5 b5 24. Nxb5 Rg7 25. Nb6 Rb8 26. Nc3 g4 27. Bh4
cxb6 28. Qxa6 gxf3 29. Rxf3 bxa5 30. Nb5 Rb6 31. Qxa5 Qb8 32. Qa8 Nxd5 33.
Qxb8 Rxb8 34. exd5 Rxb5 35. Rc3 Rb8 36. Bf2 e4 37. Bd4 Rf7 38. Rc4 e3 39.
Kf1 Bg7 40. Rac1 Bxd4 41. Rxd4 Kg7 42. Re4 Rf5 43. Re7+ Rf7 44. Rxf7+ Kxf7
45. Rc4 Kf6 46. c7 Rc8 47. Rxf4+ Ke5 48. Rf7 h6 49. g4 Kxd5 50. Re7 Kc6 51.
h4 d5 52. g5 hxg5 53. hxg5 Kd6 54. Rf7 d4 55. g6 d3 56. g7 e2+ 57. Kf2 Re8
58. c8=N+ Rxc8 59. Rf8 Rc1 60. Rd8+ 1-0

[Event "Aeroflot Open"]
[Site "Moscow RUS"]
[Date "2005.02.18"]
[Round "4"]
[White "Rustemov,A"]
[Black "Zvjaginsev,V"]
[Result "0-1"]
[WhiteElo "2598"]
[BlackElo "2653"]
[EventDate "2005.02.15"]

1. d4 Nf6 2. Nf3 g6 3. c4 Bg7 4. g3 O-O 5. Bg2 c6 6. O-O d5 7. Qb3 a5 8.
cxd5 a4 9. Qd1 cxd5 10. Nc3 Ne4 11. Ne5 Bf5 12. Nxa4 Qa5 13. b3 b5 14. Nb2
Bxe5 15. dxe5 Nc6 16. Bxe4 dxe4 17. Bd2 Qa3 18. Bc3 Rfd8 19. Qc1 b4 20. Bd2
Nd4 21. Re1 Rdc8 22. Nc4 Qxc1 23. Bxc1 Nc2 24. Bd2 Nxa1 25. Rxa1 Rcb8 26.
Be3 Ra6 27. Bc5 Kf8 28. Kf1 Be6 29. Nd2 Rb5 30. Bd4 Bd5 31. Ke1 Rba5 32. f3
exf3 33. exf3 Rxa2 34. Rxa2 Rxa2 35. Bc5 Ra1+ 36. Ke2 g5 37. g4 Rh1 38.
Bxb4 Rxh2+ 39. Ke3 h6 40. Bc3 Ke8 41. b4 Bc6 42. Kd3 Kd7 43. Ke3 Kd8 44.
Kd3 Kc7 45. Ke3 Kd7 46. Kd3 Rh3 47. Ke3 h5 48. gxh5 g4 0-1

[Event "Aeroflot Open"]
[Site "Moscow RUS"]
[Date "2005.02.18"]
[Round "4"]
[White "Kharlov,A"]
[Black "Ivanchuk,V"]
[Result "1-0"]
[WhiteElo "2614"]
[BlackElo "2711"]
[EventDate "2005.02.15"]

1. d4 d5 2. Nf3 c5 3. c3 a5 4. dxc5 Nf6 5. c4 e6 6. cxd5 Bxc5 7. Qc2 Bb4+
8. Bd2 exd5 9. Bxb4 axb4 10. Nbd2 Nc6 11. Nb3 Bg4 12. g3 Rc8 13. Qd1 O-O
14. Bg2 Qb6 15. O-O Rfd8 16. Qd2 h6 17. Rfd1 Ne4 18. Qe1 d4 19. Nc1 Nc5 20.
Nd3 Nxd3 21. Rxd3 Ra8 22. Rd2 Ra5 23. Qd1 Be6 24. b3 Bf5 25. h3 Be4 26. Ne1
Bxg2 27. Kxg2 Rc5 28. Nf3 Rc3 29. Qb1 Qa5 30. Qe4 Rxb3 31. Rad1 Ra3 32.
Nxd4 Qd5 33. Qxd5 Rxd5 34. Nb3 Re5 35. Rc2 Na5 36. Rd3 Re8 37. Rf3 Nc6 38.
Rd3 Rea8 39. Rdd2 Na5 40. Nd4 b3 41. axb3 Nxb3 42. Nxb3 Rxb3 43. Rd7 Rb5
44. Rcc7 Rf8 45. Re7 b6 46. Rb7 Rc5 47. Rxb6 h5 48. Rb4 g6 49. Rf4 Kg7 50.
e4 Rc4 51. Rf3 Ra4 52. g4 hxg4 53. hxg4 Kh6 54. Kg3 f6 55. Rb3 Rc8 56. Kf4
g5+ 57. Kf5 Ra5+ 58. e5 Rxe5+ 59. Kxf6 1-0

[Event "Aeroflot Open"]
[Site "Moscow RUS"]
[Date "2005.02.18"]
[Round "4"]
[White "Riazantsev,A"]
[Black "Sadvakasov,D"]
[Result "1/2-1/2"]
[WhiteElo "2596"]
[BlackElo "2635"]
[EventDate "2005.02.15"]

1. d4 Nf6 2. c4 e6 3. Nf3 b6 4. g3 Ba6 5. Qb3 Nc6 6. Nbd2 Bb7 7. e4 d5 8.
cxd5 exd5 9. e5 Ne4 10. Bd3 f5 11. O-O Qd7 12. a3 Nd8 13. Qd1 Ne6 14. b4
O-O-O 15. Nb3 g5 16. Ne1 h5 17. f3 h4 18. g4 Nf4 19. Bxf4 gxf4 20. h3 fxg4
21. fxg4 Kb8 1/2-1/2

[Event "Aeroflot Open"]
[Site "Moscow RUS"]
[Date "2005.02.18"]
[Round "4"]
[White "Sorokin,M"]
[Black "Iordachescu,V"]
[Result "1/2-1/2"]
[WhiteElo "2578"]
[BlackElo "2615"]
[EventDate "2005.02.15"]

1. e4 c6 2. d4 d5 3. Nc3 dxe4 4. Nxe4 Nd7 5. Nf3 Ngf6 6. Nxf6+ Nxf6 7. c3
Bg4 8. h3 Bxf3 9. Qxf3 Qd5 10. Be2 e6 11. O-O Be7 12. Be3 O-O 13. c4 Qa5
14. a3 Rfd8 15. Rfd1 Rd7 16. Rd3 Rad8 17. Rad1 Qa4 18. R3d2 Qa5 19. Rd3 Qa4
20. R3d2 Qa5 1/2-1/2

[Event "Aeroflot Open"]
[Site "Moscow RUS"]
[Date "2005.02.19"]
[Round "5"]
[White "Ivanchuk,V"]
[Black "Eljanov,P"]
[Result "1/2-1/2"]
[WhiteElo "2711"]
[BlackElo "2643"]
[EventDate "2005.02.15"]

1. e4 c5 2. Nf3 Nc6 3. d4 cxd4 4. Nxd4 Nf6 5. Nc3 e5 6. Ndb5 d6 7. Bg5 a6
8. Na3 b5 9. Nd5 Be7 10. Bxf6 Bxf6 11. c3 O-O 12. Bd3 Be6 13. O-O Rb8 14.
Nc2 a5 15. Qe2 b4 16. Bc4 Bg5 17. cxb4 axb4 18. Rfd1 Qa5 19. a3 bxa3 20. b4
Qd8 21. b5 Na5 22. Ba2 Kh8 23. Nxa3 f5 24. exf5 Bxf5 25. b6 Nc6 26. Nb5 Ne7
27. Nbc7 Nc8 28. Bb1 Nxb6 29. Bxf5 Nxd5 30. Rxd5 Qxc7 1/2-1/2

[Event "Aeroflot Open"]
[Site "Moscow RUS"]
[Date "2005.02.19"]
[Round "5"]
[White "Akopian,Vl"]
[Black "Kobalia,M"]
[Result "1/2-1/2"]
[WhiteElo "2693"]
[BlackElo "2634"]
[EventDate "2005.02.15"]

1. e4 e5 2. Nf3 Nc6 3. Bb5 a6 4. Ba4 Nf6 5. O-O Be7 6. Re1 b5 7. Bb3 d6 8.
c3 O-O 9. h3 Na5 10. Bc2 c5 11. d4 Qc7 12. Nbd2 cxd4 13. cxd4 Nc6 14. Nb3
a5 15. Be3 a4 16. Nbd2 Bd7 17. Rc1 Qb7 18. Nf1 h6 19. Ng3 Rfc8 20. Bb1 Bd8
21. dxe5 dxe5 22. Nh4 Ne7 23. Qf3 Rxc1 24. Rxc1 Ra6 25. Nhf5 Ng6 26. Rd1
Qc8 27. Bd3 Bb6 28. Bd2 Bc5 29. a3 Bf8 30. Be3 Qb8 31. Bf1 Qc8 32. Bd3 Qb8
33. Bf1 Qc8 34. Rd2 Qc7 35. Qd1 Be8 36. Rc2 Rc6 37. Rxc6 Qxc6 38. Bd3 Nf4
39. Bb1 g6 40. Nh4 Qd6 41. Qc2 Nh7 42. Nf3 Ng5 43. Nxg5 hxg5 44. Ne2 Qc6
45. Qxc6 1/2-1/2

[Event "Aeroflot Open"]
[Site "Moscow RUS"]
[Date "2005.02.19"]
[Round "5"]
[White "Sakaev,K"]
[Black "Lugovoi,A"]
[Result "1-0"]
[WhiteElo "2677"]
[BlackElo "2552"]
[EventDate "2005.02.15"]

1. e4 c5 2. Nf3 d6 3. d4 cxd4 4. Nxd4 Nf6 5. Nc3 Nc6 6. Bg5 e6 7. Qd2 a6 8.
O-O-O Bd7 9. f3 Rc8 10. Kb1 Be7 11. g4 b5 12. h4 Ne5 13. Qe1 Qc7 14. Bc1 h6
15. Bh3 b4 16. Nce2 Ba4 17. b3 Nxf3 18. Nxf3 Qxc2+ 19. Ka1 Bxb3 20. Rd2
Qxe4 21. axb3 Qxf3 22. Nd4 Qe4 23. Qd1 Qe5 24. Bg2 Nd5 25. Bxd5 Qxd5 26.
Bb2 Bf6 27. Re1 O-O 28. Kb1 Qc5 29. Rh1 Qd5 30. Rd3 Qe4 31. Re1 Qg6 32. h5
Qh7 33. Nc2 d5 34. Nxb4 Rb8 35. Nc6 Rb6 36. Ne5 Bxe5 37. Bxe5 f6 38. Bd4
Rc6 39. Kb2 e5 40. Rc3 Rxc3 41. Bxc3 d4 42. Bb4 Rb8 43. Qf3 Kh8 44. Bd6 Rc8
45. Rc1 Qg8 46. Bc7 Re8 47. Qe4 Qe6 48. Rc5 Qe7 49. Bb6 Rb8 50. Qg6 Qf8 51.
Rc6 Rc8 52. Bc5 Qg8 53. Rxc8 Qxc8 54. Bb4 Qb7 55. Qe8+ Kh7 56. Qg6+ Kg8 57.
Ka3 Qh1 58. Qe8+ Kh7 59. Qg6+ Kg8 60. Bd2 Kh8 61. Qe8+ Kh7 62. Qg6+ Kh8 63.
Qe8+ Kh7 64. Kb4 Qd1 65. Qg6+ Kh8 66. Qd3 Qxg4 67. Ka5 Qe6 68. Qc4 Qd6 69.
b4 Qd8+ 70. Kxa6 e4 71. Bf4 e3 72. b5 Qa8+ 73. Kb6 Qe4 74. Bg3 f5 75. Qc7
e2 76. Be1 f4 77. Ka7 f3 78. b6 f2 79. Bxf2 d3 80. b7 Qa4+ 81. Kb6 Qb4+ 82.
Ka7 Qa4+ 83. Kb8 d2 84. Qd8+ 1-0

[Event "Aeroflot Open"]
[Site "Moscow RUS"]
[Date "2005.02.19"]
[Round "5"]
[White "Bu Xiangzhi"]
[Black "Nisipeanu,LD"]
[Result "1/2-1/2"]
[WhiteElo "2607"]
[BlackElo "2673"]
[EventDate "2005.02.15"]

1. d4 Nf6 2. c4 c5 3. d5 e5 4. Nc3 d6 5. e4 Be7 6. g3 O-O 7. Bg2 Ne8 8. h3
Nc7 9. Nf3 a6 10. a4 f5 11. exf5 Bxf5 12. O-O Nd7 13. Qe2 Qe8 14. Nd2 Qg6
15. Nde4 h5 16. Ra3 Nf6 17. a5 Nxe4 18. Nxe4 Ne8 19. Rb3 Rb8 20. Re1 Nf6
21. Bd2 Nxe4 22. Bxe4 Bg5 23. Bxg5 Qxg5 24. h4 Qf6 25. Bg2 Rf7 26. Qe3 Rbf8
27. Re2 Bg4 28. Rd2 Qg6 29. Be4 Bf5 30. Bg2 Bg4 31. Be4 Bf5 32. Bg2 1/2-1/2

[Event "Aeroflot Open"]
[Site "Moscow RUS"]
[Date "2005.02.19"]
[Round "5"]
[White "Petrosian,TL"]
[Black "Smirnov,P"]
[Result "1-0"]
[WhiteElo "2568"]
[BlackElo "2645"]
[EventDate "2005.02.15"]

1. e4 c5 2. Nf3 d6 3. d4 cxd4 4. Nxd4 Nf6 5. Nc3 a6 6. Rg1 b5 7. g4 Bb7 8.
g5 Nxe4 9. Nxe4 Bxe4 10. Qg4 Bb7 11. Bg2 Qc7 12. Be3 g6 13. O-O-O Bg7 14.
f4 O-O 15. h4 Nd7 16. Bxb7 Qxb7 17. f5 Ne5 18. Qh3 Qe4 19. h5 Nc4 20. Rge1
Rfc8 21. hxg6 hxg6 22. fxg6 fxg6 23. Kb1 Qd5 24. Bc1 Rf8 25. Ne6 Qf5 26.
Qxf5 Rxf5 27. Nxg7 Kxg7 28. Rxe7+ Kf8 29. Rh7 Kg8 30. Rh6 Kg7 31. b3 Ne5
32. Rxd6 Rf1 33. Re6 Ng4 34. Rexg6+ Kf7 35. Rxa6 Rd8 36. Rhd6 Re8 37. Rd4
Rg1 38. Kb2 Ree1 39. Rd7+ Ke8 40. Rh7 1-0

[Event "Aeroflot Open"]
[Site "Moscow RUS"]
[Date "2005.02.19"]
[Round "5"]
[White "Kaidanov,G"]
[Black "Postny,E"]
[Result "1/2-1/2"]
[WhiteElo "2629"]
[BlackElo "2557"]
[EventDate "2005.02.15"]

1. d4 d5 2. c4 c6 3. Nf3 Nf6 4. Nc3 a6 5. c5 Nbd7 6. Bf4 g6 7. h3 Bg7 8. e3
O-O 9. Be2 Re8 10. O-O Ne4 11. Na4 e5 12. Bh2 Qe7 13. Qb3 f5 14. Rad1 g5
15. Bd3 Kh8 16. Qc2 Nexc5 17. dxc5 e4 18. Nd4 exd3 19. Rxd3 Qf7 20. Rdd1 f4
21. exf4 gxf4 22. Qf5 Qg8 23. Qc2 Re4 24. Nf3 Rc4 25. Qb3 Nxc5 26. Nxc5
Rxc5 27. Bxf4 Rb5 28. Qd3 Bd7 29. b3 Rf8 30. Bg3 Bf5 31. Qe3 Rb4 32. Rd4
Rxd4 33. Nxd4 Be4 34. f3 Re8 35. Qd2 Bg6 36. b4 Qf8 37. Nb3 Bh6 38. Qc3+
Bg7 39. Qd2 Qf6 40. Re1 Rxe1+ 41. Bxe1 Kg8 1/2-1/2

[Event "Aeroflot Open"]
[Site "Moscow RUS"]
[Date "2005.02.20"]
[Round "6"]
[White "Aronian,L"]
[Black "Bu Xiangzhi"]
[Result "1/2-1/2"]
[WhiteElo "2684"]
[BlackElo "2607"]
[EventDate "2005.02.15"]

1. d4 d5 2. c4 c6 3. Nf3 Nf6 4. e3 a6 5. Nc3 b5 6. c5 g6 7. Qb3 a5 8. Ne5
Bg7 9. Nxb5 a4 10. Qb4 cxb5 11. Bxb5+ Kf8 12. O-O Na6 13. Qa3 Nc7 14. Bc6
Ra6 15. Bxa4 Ne4 16. c6 Ra8 17. f3 Qd6 18. Nd7+ Bxd7 19. cxd7 Nf6 20. b3
Bh6 21. Qxd6 exd6 22. e4 Kg7 23. g4 Rxa4 24. bxa4 Ne6 25. f4 Nxg4 26. exd5
Nc7 27. Rb1 Rd8 28. Rb7 Rxd7 29. a5 Nf6 30. f5 Bxc1 31. Rxc1 Nfxd5 32. a6
Re7 33. a7 Re2 34. fxg6 Kxg6 35. a4 Ra2 36. Rc6 Rxa4 37. Rxd6+ Kg5 38. Rd7
f5 39. Rbxc7 Nxc7 40. Rxc7 Kf4 41. d5 Ke5 42. Rd7 Ra2 1/2-1/2

[Event "Aeroflot Open"]
[Site "Moscow RUS"]
[Date "2005.02.20"]
[Round "6"]
[White "Nisipeanu,LD"]
[Black "Berkes,F"]
[Result "1/2-1/2"]
[WhiteElo "2673"]
[BlackElo "2610"]
[EventDate "2005.02.15"]

1. e4 c5 2. Nf3 d6 3. d4 cxd4 4. Nxd4 Nf6 5. Nc3 a6 6. Bc4 e6 7. Bb3 Nc6 8.
Be3 Be7 9. f4 Qc7 10. Qf3 Nxd4 11. Bxd4 b5 12. O-O-O Bb7 13. g4 b4 14. g5
bxc3 15. gxf6 Bxf6 16. Bxf6 gxf6 17. f5 cxb2+ 18. Kb1 O-O-O 19. fxe6 fxe6
20. Bxe6+ Kb8 21. Rd4 Rhe8 22. Qb3 Ka7 23. Rhd1 Re7 24. Rc4 Qb6 25. Rb4 Qf2
26. a3 Rc7 27. Qxb2 Qxh2 28. Qd4+ Ka8 29. Bb3 Qe5 30. Qf2 Rdd7 31. Rd5 Qc3
32. Rd3 Qe5 33. Rd5 Qc3 34. Rf5 Rg7 35. Rxf6 Qc5 36. Qd4 Qxd4 37. Rxd4 h5
38. Rfxd6 h4 39. Rh6 Rh7 40. Rd8+ Ka7 41. Rh8 Bxe4 42. Rxh4 Rxh8 43. Rxh8
Kb6 44. Kb2 Rg7 45. Kc3 Rc7+ 46. Kb2 Rg7 47. Rh4 Bc6 48. Kc3 a5 49. Bc4
Rg3+ 50. Bd3 Rg5 51. Rf4 Kc5 52. Rf7 Kb6 53. Re7 Rc5+ 54. Kd4 Rd5+ 55. Ke3
Rh5 56. Kf4 Rh4+ 57. Ke5 Ra4 58. c4 Rxa3 59. Kd4 a4 60. c5+ Ka5 61. Rc7 Bb5
62. Be4 Ra1 63. Ra7+ 1/2-1/2

[Event "Aeroflot Open"]
[Site "Moscow RUS"]
[Date "2005.02.20"]
[Round "6"]
[White "Lugovoi,A"]
[Black "Najer,E"]
[Result "1-0"]
[WhiteElo "2552"]
[BlackElo "2624"]
[EventDate "2005.02.15"]

1. d4 d5 2. c4 c6 3. Nf3 Nf6 4. Nc3 a6 5. c5 Nbd7 6. Bf4 Nh5 7. Bd2 Nhf6 8.
Qc2 e5 9. dxe5 Ng4 10. Na4 Qe7 11. Bg5 f6 12. exf6 gxf6 13. Bh4 Nxc5 14.
Nxc5 Qxc5 15. Qxc5 Bxc5 16. h3 Ne5 17. Bxf6 Nxf3+ 18. gxf3 Rg8 19. Be5 Bf5
20. e3 Ke7 21. O-O-O Raf8 22. Bf4 Bg6 23. Be2 Rxf4 24. exf4 Bxf2 25. Bd3
Be3+ 26. Kc2 Kf6 27. Rhe1 d4 28. Be4 Bf7 29. Re2 h5 30. b3 h4 31. Rh1 Be6
32. Kd3 Rg3 33. Rc2 a5 34. f5 Bd7 35. Rhh2 Be8 36. Rhg2 Rxh3 37. Rg8 Bf7
38. Rb8 Rh1 39. Rxb7 Be8 40. f4 Bh5 41. Rc1 h3 42. Rh7 Bxc1 1-0

[Event "Aeroflot Open"]
[Site "Moscow RUS"]
[Date "2005.02.20"]
[Round "6"]
[White "Timofeev,Arty"]
[Black "Tseshkovsky,V"]
[Result "1/2-1/2"]
[WhiteElo "2619"]
[BlackElo "2581"]
[EventDate "2005.02.15"]

1. e4 e5 2. Nf3 Nc6 3. Bb5 a6 4. Ba4 Nf6 5. O-O Be7 6. Re1 b5 7. Bb3 O-O 8.
d4 d6 9. c3 Bg4 10. Be3 exd4 11. cxd4 Na5 12. Bc2 c5 13. dxc5 dxc5 14. Nc3
Nc6 15. h3 Be6 16. Ng5 Nb4 17. Qb1 Nd7 18. Nxe6 fxe6 19. a4 Rb8 20. axb5
axb5 21. Rd1 Qe8 22. e5 Nxc2 23. Qxc2 Nxe5 24. Qe4 Nc4 25. Bf4 e5 26. Bg3
Bf6 27. b3 Nb6 28. Rd6 b4 29. Nd5 Nxd5 30. Rxd5 Qf7 31. Ra5 Rbc8 32. Qc4
Rfd8 33. Raxc5 Rxc5 34. Rxc5 Qxc4 35. Rxc4 Rd1+ 36. Kh2 Be7 37. Bxe5 Re1
38. Bg3 Rb1 39. Re4 Kf7 40. Re3 Bf6 41. Bd6 Bc3 42. g3 Rxb3 43. Bxb4 Rxb4
44. Rxc3 h5 45. Kg2 g6 46. Kf3 Rb2 47. Rc6 Rb4 48. Rd6 Ra4 49. Ke3 Kg7 50.
f3 Rb4 51. Rd4 Rb7 52. Rd5 Rb4 53. Rd4 Rb7 54. f4 Rb3+ 55. Rd3 Rb4 56. Kf3
Ra4 57. Re3 Rb4 58. g4 hxg4+ 59. hxg4 Ra4 60. Kg3 Rb4 61. Re7+ Kf8 62. Rd7
Ra4 63. Kf3 Rb4 64. g5 Ra4 65. Ke3 Rb4 66. Rd4 Rb1 67. Rd6 Kf7 68. Rd7+ Kf8
69. Ke4 Re1+ 70. Kd5 Re2 71. Rd6 Kf7 72. Rf6+ Kg7 73. Re6 Rd2+ 74. Ke5 Re2+
75. Kd6 Rd2+ 76. Ke7 Rd4 77. Rf6 Re4+ 78. Kd6 Ra4 79. Ke5 Ra5+ 80. Ke4 Ra4+
81. Kf3 Ra3+ 82. Kg4 Rb3 83. Rd6 Ra3 84. Rd7+ Kf8 85. Rd4 Kg7 86. f5 gxf5+
87. Kxf5 Ra5+ 88. Kg4 Ra1 89. Re4 1/2-1/2

[Event "Aeroflot Open"]
[Site "Moscow RUS"]
[Date "2005.02.20"]
[Round "6"]
[White "Smirnov,P"]
[Black "Popov,Val"]
[Result "1-0"]
[WhiteElo "2645"]
[BlackElo "2588"]
[EventDate "2005.02.15"]

1. d4 Nf6 2. c4 e6 3. Nf3 d5 4. Nc3 dxc4 5. e4 Bb4 6. Bg5 c5 7. Bxc4 cxd4
8. Nxd4 Bxc3+ 9. bxc3 Qa5 10. Bb5+ Bd7 11. Bxf6 gxf6 12. Bxd7+ Nxd7 13. O-O
a6 14. Rb1 Qc7 15. Qd2 Rc8 16. Rfd1 b5 17. f4 Nc5 18. Qe3 Rg8 19. Ne2 Na4
20. Kh1 Ke7 21. e5 f5 22. Rd6 Nxc3 23. Rxa6 Nd5 24. Qa3+ Qc5 25. Ra7+ Kf8
26. Rc1 1-0

[Event "Aeroflot Open"]
[Site "Moscow RUS"]
[Date "2005.02.20"]
[Round "6"]
[White "Sorokin,M"]
[Black "Sadvakasov,D"]
[Result "1-0"]
[WhiteElo "2578"]
[BlackElo "2635"]
[EventDate "2005.02.15"]

1. c4 Nf6 2. Nf3 b6 3. g3 c5 4. Bg2 Bb7 5. Nc3 g6 6. O-O Bg7 7. d4 cxd4 8.
Qxd4 d6 9. Rd1 Nbd7 10. Be3 Rc8 11. Rac1 O-O 12. Qh4 a6 13. b3 Rc7 14. Bh3
Qb8 15. g4 e6 16. g5 Ne8 17. Ne4 b5 18. cxb5 axb5 19. Bd4 Rxc1 20. Rxc1 Qa8
21. Bxg7 Kxg7 22. Nxd6 Bxf3 23. Rc8 Qd5 24. Nxe8+ Kh8 25. Nf6 Qd1+ 26. Bf1
Bh5 27. Rxf8+ Nxf8 28. Qb4 1-0

[Event "Aeroflot Open"]
[Site "Moscow RUS"]
[Date "2005.02.20"]
[Round "6"]
[White "Tregubov,P"]
[Black "Guseinov,G"]
[Result "1-0"]
[WhiteElo "2629"]
[BlackElo "2574"]
[EventDate "2005.02.15"]

1. d4 Nf6 2. c4 g6 3. Nc3 Bg7 4. e4 d6 5. Nge2 O-O 6. Ng3 c5 7. d5 e6 8.
Be2 exd5 9. exd5 a6 10. Bf4 b5 11. cxb5 axb5 12. Bxb5 Ba6 13. O-O Bxb5 14.
Nxb5 Ra6 15. a4 Ne8 16. Qd2 Nc7 17. Ne4 Nxb5 18. axb5 Rb6 19. Ra7 Re8 20.
Bg5 Qc8 21. Nf6+ Bxf6 22. Bxf6 Qf5 23. Qa5 1-0

[Event "Aeroflot Open"]
[Site "Moscow RUS"]
[Date "2005.02.21"]
[Round "7"]
[White "Kaidanov,G"]
[Black "Sorokin,M"]
[Result "1/2-1/2"]
[WhiteElo "2629"]
[BlackElo "2578"]
[EventDate "2005.02.15"]

1. d4 d5 2. c4 dxc4 3. e3 e6 4. Bxc4 a6 5. Nf3 Nf6 6. a4 c5 7. O-O Nc6 8.
Qe2 cxd4 9. Rd1 Be7 10. exd4 O-O 11. Nc3 Nd5 12. Bb3 Ncb4 13. Ne5 Bd7 14.
Ne4 Rc8 15. Nc5 Bxc5 16. dxc5 Rxc5 17. Qg4 Bc8 18. Bd2 Qc7 19. Nf3 a5 20.
Qh4 b6 21. Ng5 h6 22. Ne4 Rc6 23. Nc3 Ba6 1/2-1/2

[Event "Aeroflot Open"]
[Site "Moscow RUS"]
[Date "2005.02.21"]
[Round "7"]
[White "Bu Xiangzhi"]
[Black "Tregubov,P"]
[Result "1/2-1/2"]
[WhiteElo "2607"]
[BlackElo "2629"]
[EventDate "2005.02.15"]

1. c4 e6 2. d4 d5 3. Nf3 c6 4. Qc2 dxc4 5. Qxc4 Nf6 6. Bg5 b5 7. Qc2 Bb7 8.
Nbd2 Nbd7 9. e3 Qb6 10. a4 Bb4 11. Bd3 h6 12. Bxf6 Nxf6 13. O-O Nd7 14. Nb3
bxa4 15. Rxa4 O-O 16. Rc1 a5 17. Nfd2 Ba6 18. Bxa6 Rxa6 19. Ne4 Qb5 20. Ra2
Rb8 21. Nbc5 Bxc5 22. Nxc5 Nxc5 23. Qxc5 Qxc5 24. Rxc5 a4 25. Kf1 Rb4 26.
Ke2 Rab6 27. Rc2 Kf8 28. Kd2 Ke7 29. Kc1 Kd6 30. Ra3 f5 31. Rac3 g5 32. Rc5
Ra6 33. R5c3 h5 34. h3 Rb5 35. Rc4 1/2-1/2

[Event "Aeroflot Open"]
[Site "Moscow RUS"]
[Date "2005.02.21"]
[Round "7"]
[White "Kotsur,P"]
[Black "Kempinski,R"]
[Result "0-1"]
[WhiteElo "2598"]
[BlackElo "2624"]
[EventDate "2005.02.15"]

1. d4 Nf6 2. c4 g6 3. g3 Bg7 4. Bg2 d5 5. cxd5 Nxd5 6. Nf3 Nb6 7. O-O Nc6
8. Nc3 Nxd4 9. Nxd4 Qxd4 10. Nb5 Qc4 11. Qb3 O-O 12. Qxc4 Nxc4 13. Nxc7 Rb8
14. Nd5 Re8 15. Bf4 Be5 16. Bxe5 Nxe5 17. Rfd1 Bg4 18. f3 Bd7 19. f4 Nc6
20. Rac1 Bg4 21. Kf2 Red8 22. b4 Kf8 23. a3 Rbc8 24. Rc5 b6 25. Rc3 Nb8 26.
Rxc8 Rxc8 27. Rd3 Bd7 28. Rc3 Rxc3 29. Nxc3 f6 30. Ke3 e6 31. Kd4 Ke7 32.
Kc4 Kd6 33. Nb5+ Bxb5+ 34. Kxb5 g5 35. e3 h6 36. a4 gxf4 37. gxf4 e5 38. a5
bxa5 39. bxa5 exf4 40. exf4 Ke6 41. Kc5 Na6+ 42. Kc6 Kf5 43. Bf1 Nb4+ 44.
Kb5 Nd5 45. Bc4 Ne7 46. Kc5 Kxf4 47. Kd6 Nf5+ 48. Kc7 Ke5 49. Kb8 Kd6 50.
Kxa7 Kc7 51. Ka6 Nd4 52. Bd3 h5 53. h3 h4 54. Bf1 f5 55. Ka7 f4 56. a6 f3
57. Ka8 Nc6 58. Bc4 Kb6 59. Bf1 f2 60. Be2 Nb4 61. Kb8 Nxa6+ 62. Kc8 Nc5
63. Kd8 Ne4 64. Ke7 Ng3 65. Bd3 Kc5 0-1

[Event "Aeroflot Open"]
[Site "Moscow RUS"]
[Date "2005.02.21"]
[Round "7"]
[White "Najer,E"]
[Black "Lastin,A"]
[Result "1/2-1/2"]
[WhiteElo "2624"]
[BlackElo "2588"]
[EventDate "2005.02.15"]

1. d4 Nf6 2. c4 e6 3. Nc3 Bb4 4. Qc2 d5 5. cxd5 Qxd5 6. Nf3 Qf5 7. Qxf5
exf5 8. Bd2 c6 9. Ne5 Nbd7 10. Nd3 Be7 11. Bg5 Nb6 12. e3 a5 13. Be2 O-O
14. O-O Rd8 15. Rfc1 Kf8 16. Rc2 Nfd5 17. Bxe7+ Kxe7 18. a3 Ra7 19. g3 Be6
20. Nc5 Nd7 21. Nxd7 Rxd7 22. Na4 Rd8 23. Rac1 g6 24. Nc5 Rda8 25. Kf1 a4
26. Rc4 Bc8 27. Ke1 Nb6 28. R4c2 Be6 29. Bd3 Bd5 30. Ke2 Nc8 31. Bc4 Be4
32. Bd3 Nd6 33. f3 Bd5 34. e4 fxe4 35. fxe4 Ba2 36. e5 Ne8 37. Ke3 Nc7 38.
Rf2 Ne6 39. Ne4 Rd8 40. Nd6 f5 41. Bc4 Bxc4 42. Rxc4 Nc7 43. g4 Nd5+ 44.
Kd3 f4 45. Rf3 Rxd6 46. exd6+ Kxd6 47. g5 b5 48. Rc1 Rb7 49. h4 b4 50. Rc4
Rb8 51. axb4 Re8 52. Kd2 h6 53. gxh6 Rh8 54. b5 cxb5 55. Rc5 Rxh6 56. Rxb5
Rxh4 57. Ra3 Rh2+ 58. Kd3 f3 59. Ke4 Rh4+ 60. Kxf3 Rxd4 61. Ra5 Nb6 62. Rg5
Nc4 63. Ra2 Ne5+ 64. Ke3 Rb4 65. Rg2 Kc5 66. Kd2 Nf3+ 67. Kd1 Rd4+ 68. Kc1
Rh4 69. Rxg6 Nd4 70. Ra3 Nb3+ 71. Kc2 Kb5 72. Rg2 Kb4 73. Kd3 Rh3+ 74. Ke4
Rh4+ 75. Kf3 Rh3+ 76. Kg4 Rd3 77. Re2 Rd4+ 78. Kf3 Rh4 79. Re4+ Nd4+ 80.
Ke3 Rxe4+ 81. Kxe4 Nb5 82. Rh3 1/2-1/2